| 000 | 02947nam a22004215a 4500 | ||
|---|---|---|---|
| 005 | 2009062208288.0 | ||
| 008 | 090226s2009 ii b 001 0 eng | ||
| 010 | _aENG-94165 | ||
| 020 |
_a9780415480055 _c850.00 |
||
| 035 | _aEN-77698 | ||
| 035 | _aB-361835-841 | ||
| 037 | _bDBAD / PUB | ||
| 037 | _bUppal Book Store | ||
| 040 |
_adpl _bEnglish |
||
| 082 | _a891.41 | ||
| 100 | _aAkshaya Kumar | ||
| 245 |
_aPoetry, politics, and culture : _bessays on Indian texts and contexts / _cby Akshaya Kumar |
||
| 260 |
_aNew Delhi _bRoutledge _c2009 |
||
| 270 |
_a912-915 Tolstory House, 15-17 Tolstoy Marg, _bNew Delhi _e110001 |
||
| 300 |
_ax, 400 p. _c23cm(Hb) |
||
| 500 | _aIncludes bibliographical references and index | ||
| 520 | _aStudy of Hindi poetry from 15th century to 20th century, Marathi, Gujarati, Panjabi, and Indic English poetry of the post-1947 period. | ||
| 546 | _aPassages translated from Hindi, Gujarati, Marathi, and Panjabi. | ||
| 650 |
_aIndic poetry _xHistory and criticism. |
||
| 650 |
_aIndic poetry (English) _y20th century _xHistory and criticism. |
||
| 650 | _aPolitics in literature. | ||
| 650 | _aCulture in literature. | ||
| 942 |
_2ddc _cEN _mAKS _h891.41 |
||
| 999 |
_c27762 _d27762 |
||